| 000 | 01093nam a22001937a 4500 | ||
|---|---|---|---|
| 005 | 20120214113325.0 | ||
| 020 |
_a8186895450 _c100.00 |
||
| 082 | _aक | ||
| 100 |
_aज़ाई विटेकर _941879 |
||
| 245 |
_aकाली और धामिन साँप / _cज़ाई विटेकर;श्रिविद्या नटराजन द्वारा चित्रांकित;सुबीर शुक्ला द्वारा अनुदित |
||
| 260 |
_aचैन्नेई _bतूलिका पब्लिशिंग _c2007 |
||
| 270 |
_a13 पृथ्वी ऐवन्यु, अभिरमपुरम _bचैन्नेई _e600018 |
||
| 300 |
_aअ.पृ. _bसचित्र _c25सेमी (अजिल्द) |
||
| 700 | _941870 | ||
| 700 |
_aश्रिविद्या नटराजन _941871 |
||
| 700 |
_aशुक्ला, सुबीर _941872 |
||
| 942 |
_2ddc _cCH _hक _mज़ाईवि |
||
| 999 |
_c62708 _d62708 |
||